000
00243 a2200097 4500
090
_c
3577
_d
3577
100
_a
Greg Parry
245
_a
Same Teach Yourself Visual Basic 6 in 24 Hours
260
_a
Techmedia New Delhi
942
_a
NBS
_c
BK
_k
005 PER
999
_c
346049
_d
346049